The dynamics of connecting universities, non-governmental organizations and community members by means of academic projects directed at people in need (Record no. 347450)
[ view plain ]
| 000 -LEADER | |
|---|---|
| fixed length control field | 00657nam a2200133Ia 4500 |
| 008 - FIXED-LENGTH DATA ELEMENTS--GENERAL INFORMATION | |
| fixed length control field | 171207s9999 xx 000 0 und d |
| 100 ## - MAIN ENTRY--PERSONAL NAME | |
| Personal name | Do Amaral, J. |
| 245 #4 - TITLE STATEMENT | |
| Title | The dynamics of connecting universities, non-governmental organizations and community members by means of academic projects directed at people in need |
| 245 ## - TITLE STATEMENT | |
| Statement of responsibility, etc | João Alberto Arantes do Amaral & Cristina Toshie Motohashi Matsusaki |
| 260 ## - PUBLICATION, DISTRIBUTION, ETC. (IMPRINT) | |
| Date of publication, distribution, etc | 2017 |
| 300 ## - PHYSICAL DESCRIPTION | |
| Extent | pages 280-299, 2017 |
| 440 ## - SERIES STATEMENT/ADDED ENTRY--TITLE | |
| Title | Educational Action Research |
| Volume number/sequential designation | 25:2 |
| 650 ## - SUBJECT ADDED ENTRY--TOPICAL TERM | |
| Topical term or geographic name as entry element | Action research, project-based learning, systems thinking, systemic action research, course development, university/community relationship |
| Withdrawn status | Lost status | Damaged status | Home library | Current library | Date acquired | Total Checkouts | Date last seen | Price effective from | Koha item type |
|---|---|---|---|---|---|---|---|---|---|
| College Library | College Library | 12/07/2017 | 12/07/2017 | 12/07/2017 | Periodicals |